000
00320nam a22001457a 4500
008
230721b ||||| |||| 00| 0 eng d
020
_a
9780521451284
041
_a
eng
080
_a
615.83
082
_a
615.83
100
_a
16
101
_a
EGZF
245
_a
THE THEORY OF EVOLUTION
_c
SMITH .M.J
942
_2
udc
_c
BK
999
_c
60194
_d
60194